<?xml version="1.0" encoding="UTF-8"?>
<record
    xmlns:xsi="http://www.w3.org/2001/XMLSchema-instance"
    xsi:schemaLocation="http://www.loc.gov/MARC21/slim http://www.loc.gov/standards/marcxml/schema/MARC21slim.xsd"
    xmlns="http://www.loc.gov/MARC21/slim">

  <leader>02213nam a22001697a 4500</leader>
  <controlfield tag="008">120330t        xxu||||| |||| 00| 0 eng d</controlfield>
  <datafield tag="020" ind1=" " ind2=" ">
    <subfield code="a">1558151931</subfield>
  </datafield>
  <datafield tag="050" ind1=" " ind2=" ">
    <subfield code="a">HD75.O36</subfield>
  </datafield>
  <datafield tag="100" ind1=" " ind2=" ">
    <subfield code="a">Ohkawa, Kazushi</subfield>
  </datafield>
  <datafield tag="245" ind1=" " ind2=" ">
    <subfield code="a">Growth mechanism of developing economics /</subfield>
    <subfield code="c">Kazushi Ohkawa</subfield>
  </datafield>
  <datafield tag="260" ind1=" " ind2=" ">
    <subfield code="a">Japan:</subfield>
    <subfield code="b">ICS Press,</subfield>
    <subfield code="c">c1993.</subfield>
  </datafield>
  <datafield tag="300" ind1=" " ind2=" ">
    <subfield code="a">xx, 391 p.:</subfield>
    <subfield code="b">ill</subfield>
    <subfield code="c">22cm.</subfield>
  </datafield>
  <datafield tag="500" ind1=" " ind2=" ">
    <subfield code="a">Includes index.</subfield>
  </datafield>
  <datafield tag="505" ind1=" " ind2=" ">
    <subfield code="a">Contents: Introduction -- Growth and investment: A Cross section perspective -- The Conceptual framework -- Patterns of residual growth: Measurements -- Towards an interpretation of the growth mechanism -- Technical notes: Estimates of conventional inputs -- Growth and investment: A Historical perspective -- The Historical pattern of western developed nations -- The Historical pattern of Japan: The Case of a latecomer -- Developing nations: Changes over time -- Production structure and employment: Sectoral inequality of product per worker -- Introduction: The Conceptual framework and the problem -- A Sectoral comparison of product per worker using cross-sectional data -- Sectoral comparisons of product per worker: Historical patterns of presently developed nations -- Discrepancy between product and labor shares -- Production structure and employment: Sectoral productivity growth and development phases -- Productivity and employment by sector: Growth relationships -- Sectoral characteristics of technology -- Integration towards an aggregate pattern: Phasing -- The Domestic and international price structures -- Changes in the domestic price structure and productivity growth: The Competitive mechanism -- International dimensions -- The Domestic price structure of developing economies -- Growth and international trade -- Imports: Requirements and substitution -- The Causes and effects of export growth -- Exports and imports: Interrelated sequential path through shifting phases -- Appendix 1: Initial conditions of Japan: Economic level and structure -- Appendix 2:  Sectoral residual growth and reallocation effects -- Appendix 3:  Labor productivity, investment efficiency, and the residual with sectoral estimates of three selected countries. </subfield>
  </datafield>
  <datafield tag="650" ind1=" " ind2=" ">
    <subfield code="a">Economics.</subfield>
  </datafield>
  <datafield tag="942" ind1=" " ind2=" ">
    <subfield code="2">lcc</subfield>
    <subfield code="c">BK</subfield>
  </datafield>
  <datafield tag="999" ind1=" " ind2=" ">
    <subfield code="c">693</subfield>
    <subfield code="d">8193</subfield>
  </datafield>
  <datafield tag="952" ind1=" " ind2=" ">
    <subfield code="0">0</subfield>
    <subfield code="1">0</subfield>
    <subfield code="2">lcc</subfield>
    <subfield code="4">0</subfield>
    <subfield code="7">0</subfield>
    <subfield code="a">WIUC-1</subfield>
    <subfield code="b">WIUC-1</subfield>
    <subfield code="c">GEN</subfield>
    <subfield code="d">2012-03-30</subfield>
    <subfield code="l">0</subfield>
    <subfield code="o">HD75.O36</subfield>
    <subfield code="p">1646/12</subfield>
    <subfield code="r">2012-03-30 00:00:00</subfield>
    <subfield code="w">2012-03-30</subfield>
    <subfield code="y">BK</subfield>
  </datafield>
</record>
